Microeconomía intermedia: un enfoque actual
Kaydedildi:
| Yazar: | |
|---|---|
| Materyal Türü: | Kitap |
| Dil: | İspanyolca |
| Baskı/Yayın Bilgisi: |
Barcelona
Antoni Bosch
2006
|
| Edisyon: | 7a. ed |
| Konular: | |
| Etiketler: |
Etiketle
Etiket eklenmemiş, İlk siz ekleyin!
|
MARC
| LEADER | 00000nam a2200000 a 4500 | ||
|---|---|---|---|
| 001 | UCI9963 | ||
| 003 | CL-VaPUC | ||
| 008 | 081218e20060000SP |||||||||||||||||spa|d | ||
| 020 | |a 9788495348272 | ||
| 082 | 0 | 4 | |a 338.5 |b VAR |2 21 |
| 100 | 0 | |a Varian, Hall R |e author |9 534013 | |
| 245 | 1 | 0 | |a Microeconomía intermedia: un enfoque actual |
| 250 | |a 7a. ed | ||
| 300 | |a 789 p | ||
| 942 | |c BK | ||
| 945 | |d 20081218 00:00:00 |a jtorresc | ||
| 260 | |a Barcelona |b Antoni Bosch |c 2006 | ||
| 650 | 0 | |a Microeconomía |9 258126 | |
| 650 | 0 | |a Oferta y demanda |9 255571 | |
| 650 | 0 | |a Precios |9 260787 | |
| 650 | 0 | |a Investigación de mercado |9 332310 | |
| 583 | |a last modification |c 20141114 05:31:56 |k Rodrigo Vera | ||
| 999 | |c 332388 |d 332386 | ||
| 952 | |0 0 |1 0 |4 0 |6 338_500000000000000_VAR_2006 |7 0 |8 A |9 420048 |a BIBMEC |b BIBMEC |d 2019-11-22 |i 450741K |o 338.5 VAR 2006 |p 450741K |r 2019-11-22 |w 2019-11-22 |y BK |k MEC | ||
| 952 | |0 0 |1 0 |4 0 |6 338_500000000000000_VAR_2006 |7 0 |8 R |9 420049 |a BIBGIM |b BIBGIM |d 2019-11-22 |i 4625943 |l 6 |m 1 |o 338.5 VAR 2006 |p 4625943 |r 2025-01-15 |s 2023-06-27 |w 2019-11-22 |y BK_R |k COM | ||